|
|
|
|
| LEADER |
00000nam a22000007a 4500 |
| 005 |
2022020704444.0 |
| 007 |
cr|||| |||| |
| 008 |
220207s2011 co |||||s|||| 00||0 spa d |
| 020 |
|
|
|a 978-958-648-451-3
|
| 035 |
|
|
|a 35791
|
| 040 |
|
|
|a vLex
|
| 090 |
|
|
|c 12926
|d 12926
|
| 100 |
1 |
|
|a Murillo Vargas, Guillermo
|
| 245 |
1 |
0 |
|a Teora̕s cls̀icas de la Organizacin̤ y el Management
|h [Recurso electrn̤ico] /
|c Guillermo Murillo Vargas
|
| 256 |
|
|
|a Servicio en ln̕ea
|
| 260 |
|
|
|a Bogot:̀
|b ECOE,
|c 2011
|
| 300 |
|
|
|a 1 recurso electrn̤ico
|
| 500 |
|
|
|a Contiene las teora̕s, que de acuerdo al anl̀isis de los autores corresponde a los que ellos han denominado los paradigmas de las teora̕s cls̀icas de la organizacin̤ y el management. Los autores buscan establecer el estado actual de conocimiento y aplicacin̤ de las teora̕s y la gestin̤ en las empresas productoras de bienes y servicios en Colombia.
|
| 506 |
1 |
|
|a Disponible solo en los productos indicados
|d vLex Global
|d vLex Global (Academic Edition, excluding Law Schools)
|d vLex Global (U.S. Academic Edition, Law Schools)
|d vLex Global (U.S. Academic Edition, excluding Law Schools)
|d vLex Global (Academic Edition, Law Schools)
|
| 650 |
0 |
4 |
|a Administracin̤ (Management)
|z Colombia
|
| 740 |
0 |
|
|a vLex Libros (Servicio en ln̕ea)
|
| 856 |
4 |
0 |
|u https://app.vlex.com/#/sources/35791
|z Acceso restringido
|
| 942 |
|
|
|c BOOK
|
| 999 |
0 |
|
|a Management
|